00532 2200181 4500001002100000005001500021035002000036245011100056100001500167300001400182700001500196260005200211082000800263084001600271020002200287600001500309990002600324INLIS00000000000024320251021032301 a0010-10250000611 aKreasi Bunga dari Kertas Krep :bKreasi Bunga Lili, Bunga Matahari, Bunga Aster, Bunga Tulip /cAlika Tyas0 aAlika Tyas a104 ;c240 aAlika Tyas aMalang :bredaksi Lembaga Kajian Profesi,c2020 a745 a745.5 ALI k a978-602-61373-0-2 4aAlika Tyas a2023/SMKMIRI/2804/001